[Event "Guernsey International Chess Festival 2"]
[Site "?"]
[Date "2019.10.21"]
[Round "2.17"]
[White "Hoogakker, Peter"]
[Black "Vonhoff, Joerg"]
[Result "1-0"]
[WhiteElo "1788"]
[BlackElo "1654"]
[PlyCount "133"]
[EventDate "2019.??.??"]

1. e4 c5 2. Nf3 d6 3. c3 Nf6 4. Be2 Nc6 5. d4 e6 6. e5 dxe5 7. dxe5 Qxd1+ 8.
Bxd1 Nd7 9. Bf4 h6 10. O-O g5 11. Bg3 g4 12. Nh4 Ndxe5 13. Re1 Bg7 14. f4 gxf3
15. Nxf3 Nxf3+ 16. Bxf3 Bd7 17. Bc7 Rc8 18. Bd6 Bf8 19. Bg3 f6 20. Na3 e5 21.
Rad1 Be6 22. Nb5 a6 23. Bh5+ Bf7 24. Bg4 Rd8 25. Nc7+ Ke7 26. Bf2 Bxa2 27.
Bxc5+ Kf7 28. Bf2 Bd6 29. Nd5 Bxd5 30. Rxd5 Bc7 31. Bf3 Ke6 32. Rc5 Bb6 33.
Rxc6+ bxc6 34. Bxb6 Rb8 35. Ba5 Rhc8 36. Be2 Rxb2 37. Bxa6 Ra8 38. Bc4+ Kf5 39.
Bb4 Rd8 40. Rf1+ Kg5 41. Be6 Rdd2 42. Bh3 e4 43. Ba3 Ra2 44. Bc1 e3 45. Bxd2
exd2 46. Rd1 Kf4 47. Kf2 Rc2 48. Ke2 Rxc3 49. Kxd2 Ra3 50. Rc1 Ra6 51. Rc5 Ke4
52. Bd7 Ra2+ 53. Kc3 Ra1 54. Bxc6+ Ke3 55. Kb2 Ra6 56. Bf3 Rd6 57. Rh5 Kf4 58.
Rxh6 Kg5 59. Rh8 f5 60. h4+ Kg6 61. h5+ Kg7 62. Rc8 Kh6 63. Kc3 Kg7 64. Kc4 Rd2
65. Rc7+ Kh8 66. Rf7 Rc2+ 67. Kd4 1-0

[Event "Guernsey International Chess Festival 2"]
[Site "?"]
[Date "2019.10.21"]
[Round "2.18"]
[White "Dennis, Nigel W"]
[Black "Nalichowski, Bogdan"]
[Result "1-0"]
[WhiteElo "1768"]
[BlackElo "1375"]
[PlyCount "149"]
[EventDate "2019.??.??"]

1. e4 e5 2. Nf3 Nc6 3. Bb5 Bd6 4. O-O a6 5. Ba4 h6 6. c3 Nf6 7. Re1 O-O 8. d4
Re8 9. Nbd2 b5 10. Bc2 Bb7 11. Nf1 Nh7 12. Ng3 exd4 13. cxd4 Bxg3 14. hxg3 d6
15. a3 Ne7 16. b4 Bc8 17. Bb2 Nf8 18. Qd2 Neg6 19. Rac1 Bd7 20. Bb1 Rc8 21. Re3
c6 22. Qe2 Bg4 23. Qe1 h5 24. Nh2 Bd7 25. f4 h4 26. f5 hxg3 27. Qxg3 Nh8 28.
Rf1 f6 29. Qxd6 Nh7 30. Ba2+ Nf7 31. Bxf7+ Kxf7 32. e5 Ng5 33. e6+ Nxe6 34.
fxe6+ Bxe6 35. Qxd8 Rcxd8 36. Rfe1 Rd6 37. Nf3 Rh8 38. Nd2 f5 39. Nb3 Bxb3 40.
Rxb3 Rdh6 41. Kf2 Rh4 42. Rbe3 Rf4+ 43. Rf3 Rxf3+ 44. Kxf3 Rh6 45. Kf4 Rh2 46.
Kg3 Rh6 47. Re5 g6 48. Bc1 Rh5 49. Rc5 f4+ 50. Bxf4 Rxc5 51. dxc5 Kf6 52. Kg4
Ke6 53. Kg5 Kf7 54. Be5 Ke6 55. Bb2 Kd5 56. Kxg6 Kc4 57. Kf5 Kb3 58. Bc1 Kc2
59. g4 Kxc1 60. g5 Kb2 61. g6 Kxa3 62. g7 Kxb4 63. g8=Q Kxc5 64. Ke5 Kb4 65.
Qg4+ Kb3 66. Kd6 b4 67. Kxc6 Kc3 68. Kc5 a5 69. Qf3+ Kb2 70. Kc4 a4 71. Kxb4
Ka2 72. Qf2+ Kb1 73. Kc3 a3 74. Kb3 Kc1 75. Qc2# 1-0

[Event "Guernsey International Chess Festival 2"]
[Site "?"]
[Date "2019.10.21"]
[Round "2.19"]
[White "Knudsen, Jan"]
[Black "Stanners, Michael J"]
[Result "0-1"]
[WhiteElo "1603"]
[BlackElo "1752"]
[PlyCount "142"]
[EventDate "2019.??.??"]

1. e4 d6 2. d4 Nf6 3. Nc3 Nbd7 4. Nf3 e5 5. d5 Be7 6. Bb5 O-O 7. Bd2 Nc5 8. Qe2
a5 9. a4 Bg4 10. h3 Bh5 11. O-O-O Bg6 12. Bd3 Qd7 13. b3 c6 14. g4 cxd5 15. Bb5
Qd8 16. exd5 Qc8 17. Nh4 Nfd7 18. Nxg6 fxg6 19. h4 h6 20. Rdg1 Qd8 21. h5 g5
22. Ne4 Nxe4 23. Qxe4 Nc5 24. Qe2 Qc7 25. Kb2 Rf7 26. Be3 Raf8 27. Rg2 Bf6 28.
Kb1 Ne4 29. Bd2 Nxd2+ 30. Qxd2 e4 31. Bc4 Qc5 32. c3 Be5 33. Qe3 Qxe3 34. fxe3
Bxc3 35. Kc2 Bb4 36. Bb5 Rf2+ 37. Rxf2 Rxf2+ 38. Kb1 Kf7 39. Rf1 Rxf1+ 40. Bxf1
Kf6 41. Kc2 Ke5 42. Bg2 Kxd5 43. Bf1 Ke5 44. Be2 d5 45. Bf1 d4 46. exd4+ Kxd4
47. Bc4 Ke3 48. Bd5 b6 49. Kd1 Kf3 50. Bc4 Kxg4 51. Ke2 Bc5 52. Bf7 Kf4 53. Be6
g4 54. Bd7 g3 55. Bh3 Kg5 56. Bg2 Kxh5 57. Bxe4 Kg4 58. Kf1 Kf4 59. Bc6 g5 60.
Kg2 h5 61. Kh3 Be7 62. Kg2 g4 63. Bd5 h4 64. Bc6 h3+ 65. Kh1 Bd6 66. Bb7 Ke3
67. Kg1 Bc5 68. Kh1 Kf2 69. Bf3 g2+ 70. Bxg2 hxg2+ 71. Kh2 Bd6# 0-1

[Event "Guernsey International Chess Festival 2"]
[Site "?"]
[Date "2019.10.21"]
[Round "2.20"]
[White "Baart, Edwin"]
[Black "Goman, Colin"]
[Result "1-0"]
[WhiteElo "1746"]
[BlackElo "1671"]
[PlyCount "51"]
[EventDate "2019.??.??"]

1. d4 d5 2. c4 Nf6 3. Nc3 h6 4. Nf3 Bf5 5. e3 e6 6. Qb3 Nbd7 7. cxd5 exd5 8.
Nxd5 Be4 9. Nxf6+ Nxf6 10. Bc4 Qe7 11. Ne5 O-O-O 12. O-O Bd5 13. Bxd5 Rxd5 14.
f3 Qe6 15. Bd2 Bc5 16. Bc3 Bb6 17. Kh1 c6 18. e4 Bxd4 19. exd5 Qxe5 20. Bxd4
Qxd4 21. dxc6 bxc6 22. Rfd1 Qe5 23. Qxf7 Nd5 24. Qxa7 Re8 25. Rac1 Re7 26.
Rxc6+ 1-0

[Event "Guernsey International Chess Festival 2"]
[Site "?"]
[Date "2019.10.21"]
[Round "2.21"]
[White "Bennett, Delroy"]
[Black "Colsen, Manuel"]
[Result "0-1"]
[WhiteElo "1326"]
[BlackElo "1583"]
[PlyCount "160"]
[EventDate "2019.??.??"]

1. e4 c6 2. d4 d5 3. e5 Bf5 4. Bd3 Bxd3 5. Qxd3 e6 6. Nf3 h6 7. O-O Nd7 8. c3
c5 9. b3 a6 10. h3 b5 11. Nh2 c4 12. Qe2 Be7 13. f4 g6 14. Ba3 Bxa3 15. Nxa3
Qa5 16. Qb2 b4 17. cxb4 Qxb4 18. Nc2 Qb6 19. Rf2 Ne7 20. Ng4 h5 21. Nf6+ Nxf6
22. exf6 Ng8 23. Ne3 cxb3 24. Qxb3 Qxb3 25. axb3 Nxf6 26. b4 O-O 27. Rfa2 Rfb8
28. Nc2 Rb6 29. Ra5 Ne4 30. b5 Nd2 31. Rxa6 Rbxa6 32. Rxa6 Rb8 33. b6 Nc4 34.
Nb4 Rxb6 35. Rxb6 Nxb6 36. Kf2 Kg7 37. Kg3 Kf6 38. h4 Nc4 39. Nc6 Nd6 40. Kf3
Ne4 41. g4 hxg4+ 42. Kxg4 Nf2+ 43. Kf3 Ne4 44. Kg4 Nd6 45. Ne5 Nf5 46. Nc6 Nh6+
47. Kf3 Nf5 48. Kg4 Kg7 49. h5 gxh5+ 50. Kxh5 Ng3+ 51. Kg4 Ne4 52. Nd8 Kg6 53.
Kf3 Nd2+ 54. Ke3 Nc4+ 55. Kf3 Nd6 56. Kg3 Nf5+ 57. Kf3 Nxd4+ 58. Ke3 Nf5+ 59.
Kd3 Nd6 60. Nc6 Kf5 61. Ke3 Nc4+ 62. Kf3 Nd2+ 63. Ke3 Ne4 64. Nd8 f6 65. Nc6 e5
66. Ne7+ Ke6 67. Nc6 Kd6 68. Nb4 Nc3 69. fxe5+ fxe5 70. Kd3 d4 71. Nc2 Kc5 72.
Na1 e4+ 73. Kd2 Kc4 74. Nc2 Nb1+ 75. Kc1 Nc3 76. Kd2 d3 77. Ne3+ Kb3 78. Nd1
Nxd1 79. Kxd1 e3 80. Ke1 Kc2 0-1

[Event "Guernsey International Chess Festival 2"]
[Site "?"]
[Date "2019.10.21"]
[Round "2.22"]
[White "Henry, Eric"]
[Black "O'connell, Denis"]
[Result "1/2-1/2"]
[WhiteElo "1591"]
[BlackElo "1787"]
[PlyCount "106"]
[EventDate "2019.??.??"]

1. d4 d5 2. Nf3 Nc6 3. e3 Nf6 4. Nbd2 a6 5. a3 Bg4 6. Be2 e6 7. b3 Bd6 8. Bb2
O-O 9. O-O Re8 10. c4 b6 11. Rc1 Nb8 12. cxd5 exd5 13. b4 Qe7 14. Ne1 Bf5 15.
Ndf3 Nbd7 16. Nd3 Ng4 17. Re1 Ndf6 18. Nfe5 Bxd3 19. Nxg4 Bxe2 20. Nxf6+ Qxf6
21. Rxe2 Qh4 22. g3 Qg4 23. Rec2 Qe4 24. Qf1 b5 25. Qg2 h5 26. Qxe4 Rxe4 27. h4
a5 28. Bc3 a4 29. Kg2 Rae8 30. Re1 f5 31. Rce2 Rg4 32. f4 Re6 33. Kf3 Reg6 34.
Rg2 Kf7 35. Reg1 Re6 36. Bd2 Re4 37. Re1 Ke6 38. Rh1 Kd7 39. Rc1 Be7 40. Kf2
Rg6 41. Kf3 Ree6 42. Be1 Rc6 43. Rgc2 Rxc2 44. Rxc2 Rc6 45. Rxc6 Kxc6 46. Ke2
g6 47. Kd3 Kd7 48. Bd2 c6 49. Be1 Bd6 50. Bd2 Ke6 51. Ke2 Be7 52. Kf3 Kd7 53.
Ke2 Ke6 1/2-1/2

[Event "Guernsey International Chess Festival 2"]
[Site "?"]
[Date "2019.10.21"]
[Round "2.23"]
[White "Goris Schouwstra, Adry"]
[Black "Kearsley, Raymond J"]
[Result "1/2-1/2"]
[WhiteElo "1662"]
[BlackElo "1597"]
[PlyCount "116"]
[EventDate "2019.??.??"]

1. d4 d5 2. Nf3 Bf5 3. e3 Nf6 4. c4 e6 5. a3 c6 6. Nc3 Bd6 7. Be2 h6 8. O-O O-O
9. b4 Ne4 10. Bb2 a5 11. c5 Bc7 12. b5 Nxc3 13. Bxc3 cxb5 14. Bxb5 Nc6 15. Qe2
Qe7 16. Bd3 Bxd3 17. Qxd3 Rfc8 18. e4 dxe4 19. Qxe4 b6 20. cxb6 Bxb6 21. Bb2
Qd6 22. Rac1 Qd5 23. Qxd5 exd5 24. Rfe1 Kf8 25. Kf1 Ne7 26. a4 Rxc1 27. Bxc1
Nc6 28. Ba3+ Kg8 29. Bb2 Nb4 30. Rd1 Rc8 31. Rc1 Rxc1+ 32. Bxc1 Kf8 33. Ba3 Ke7
34. Bxb4+ axb4 35. Ke2 Kf6 36. Kd3 Kf5 37. Nd2 Ke6 38. Nb3 Kd6 39. g3 f5 40. f3
Kc6 41. f4 Kd6 42. Nd2 Ba5 43. Kc2 Bb6 44. Nf3 Ba5 45. Kb3 Ke6 46. h4 Kd7 47.
Ne1 Kc6 48. Nc2 Kd6 49. Nxb4 Ke6 50. Nd3 Kd6 51. h5 Bd2 52. Kc2 Ba5 53. Nc1 Be1
54. Ne2 Ba5 55. Nc3 Bb4 56. Kb3 Ba5 57. Kc2 Bb4 58. Kd3 Ba5 1/2-1/2

[Event "Guernsey International Chess Festival 2"]
[Site "?"]
[Date "2019.10.21"]
[Round "2.24"]
[White "Parfett, Gerald F"]
[Black "Rowe, Oliver"]
[Result "1-0"]
[WhiteElo "1633"]
[BlackElo "1545"]
[PlyCount "83"]
[EventDate "2019.??.??"]

1. d4 Nf6 2. Nf3 d5 3. c4 c6 4. Nc3 Bf5 5. cxd5 cxd5 6. Bg5 h6 7. Bxf6 exf6 8.
e3 Bb4 9. Bd3 Bxd3 10. Qxd3 Qd7 11. O-O O-O 12. Ne2 a6 13. a3 Ba5 14. b4 Bc7
15. Rfc1 Nc6 16. Rc2 Rac8 17. Rac1 Ne7 18. h3 Bb8 19. Qb3 Rxc2 20. Rxc2 Rc8 21.
Rxc8+ Qxc8 22. Nc3 Qc4 23. Qxc4 dxc4 24. Nd2 b5 25. Nde4 Nc6 26. Kf1 f5 27. Nc5
a5 28. bxa5 b4 29. axb4 Nxb4 30. a6 Ba7 31. N3a4 Kf8 32. Ke2 c3 33. Nxc3 Bxc5
34. dxc5 Nxa6 35. Na4 Nb4 36. Kd2 Ke7 37. Kc3 Nc6 38. Kc4 Ke6 39. f4 f6 40. Nc3
Ne7 41. Ne2 Nd5 42. Nd4+ 1-0

[Event "Guernsey International Chess Festival 2"]
[Site "?"]
[Date "2019.10.21"]
[Round "2.25"]
[White "Beadle, John R"]
[Black "Kershaw, Graham"]
[Result "0-1"]
[WhiteElo "1571"]
[BlackElo "1631"]
[PlyCount "75"]
[EventDate "2019.??.??"]

1. e4 e6 2. d4 d5 3. e5 c5 4. c3 Nc6 5. Nf3 Qb6 6. Be2 cxd4 7. cxd4 Bb4+ 8. Nc3
Bd7 9. O-O Bxc3 10. bxc3 Nge7 11. Qb3 Qxb3 12. axb3 O-O 13. Ba3 Rfe8 14. Nd2 a6
15. f4 b5 16. Nf3 Nf5 17. Bc1 b4 18. g4 Nfe7 19. Rxa6 Rxa6 20. Bxa6 Ra8 21. Bb5
bxc3 22. Ba4 Bc8 23. Ba3 Ng6 24. Bc5 Na5 25. Ne1 Rb8 26. b4 Nc4 27. Nc2 Ra8 28.
Bc6 Ra2 29. Rf2 Nxf4 30. Rxf4 Rxc2 31. Rf3 Nd2 32. Rf2 Ra2 33. Kg2 f6 34. exf6
gxf6 35. g5 f5 36. b5 Ra1 37. b6 c2 38. b7 0-1

[Event "Guernsey International Chess Festival 2"]
[Site "?"]
[Date "2019.10.21"]
[Round "2.26"]
[White "Kirkwood, Robin"]
[Black "Jones, Sidney A"]
[Result "1-0"]
[WhiteElo "1628"]
[BlackElo "1524"]
[PlyCount "79"]
[EventDate "2019.??.??"]

1. f4 d5 2. Nf3 Nf6 3. g3 e6 4. d3 c6 5. Bg2 Bc5 6. e3 Nbd7 7. O-O O-O 8. h3
Qc7 9. Qe1 Re8 10. b4 Bb6 11. Bb2 a6 12. Kh1 Ba7 13. Ne5 Nxe5 14. fxe5 Nd7 15.
Qf2 Rf8 16. d4 Nb6 17. Nd2 Na4 18. Ba3 b5 19. g4 Qe7 20. e4 Bb7 21. Nb3 Rac8
22. Nc5 Nxc5 23. bxc5 Qg5 24. Bc1 Qg6 25. Qe2 f6 26. exf6 Rxf6 27. e5 Rxf1+ 28.
Qxf1 Rf8 29. Qe2 Bb8 30. h4 Bc7 31. h5 Qf7 32. Be3 Qe7 33. g5 Bc8 34. Qg4 Rf5
35. Bf1 Qf8 36. Bd3 Rf7 37. Kg2 Bd8 38. g6 hxg6 39. hxg6 Rf5 40. Qh3 1-0

[Event "Guernsey International Chess Festival 2"]
[Site "?"]
[Date "2019.10.21"]
[Round "2.27"]
[White "Foster, Paul"]
[Black "Foran, Barry"]
[Result "1-0"]
[WhiteElo "1533"]
[BlackElo "1627"]
[PlyCount "81"]
[EventDate "2019.??.??"]

1. e4 c6 2. d4 d5 3. e5 c5 4. c3 Nc6 5. Bd3 cxd4 6. Bb5 dxc3 7. Nxc3 e6 8. Nf3
Nge7 9. O-O Ng6 10. a3 Bd7 11. Re1 Be7 12. Bd3 Qb8 13. Bxg6 fxg6 14. Bf4 Qc8
15. Rc1 O-O 16. Bg3 a6 17. Ne2 Qe8 18. b4 Rc8 19. Qd2 Bd8 20. Qe3 Qf7 21. Nf4
Kh8 22. Nxd5 Ne7 23. Ng5 Qf5 24. Nxe7 Bxe7 25. Ne4 Rxc1 26. Rxc1 Bc6 27. Re1
Bxe4 28. Qxe4 Qxe4 29. Rxe4 Rc8 30. h3 Rc1+ 31. Kh2 Rc3 32. Rd4 Rc7 33. h4 Kg8
34. Kh3 b5 35. f4 Kf7 36. Rd3 h5 37. Bf2 Ke8 38. g4 Rd7 39. Rc3 Rd2 40. Be3 Kd7
41. Bxd2 1-0

[Event "Guernsey International Chess Festival 2"]
[Site "?"]
[Date "2019.10.21"]
[Round "2.28"]
[White "Denning, Julie L"]
[Black "Bennett, David"]
[Result "1-0"]
[WhiteElo "1625"]
[BlackElo "1401"]
[PlyCount "73"]
[EventDate "2019.??.??"]

1. d4 c5 2. d5 d6 3. e4 Nf6 4. Nc3 g6 5. Bg5 Bg7 6. Qd2 Nbd7 7. Nf3 O-O 8. Be2
Qb6 9. Rb1 a6 10. O-O Re8 11. Bd3 Qc7 12. b3 b5 13. Qe2 e6 14. Qd1 Bb7 15. dxe6
Rxe6 16. Re1 Nh5 17. Nd5 Qd8 18. Bxd8 Rxd8 19. c4 b4 20. Bc2 Nhf6 21. Ng5 Ree8
22. Re2 Ng4 23. h3 Nge5 24. Re3 Bh6 25. f4 Nc6 26. Nf3 Nf8 27. Nf6+ Kg7 28.
Nxe8+ Rxe8 29. g3 f5 30. Qe1 Kg8 31. exf5 Rb8 32. fxg6 hxg6 33. Re8 Nd8 34. Be4
Bxe4 35. Qxe4 Kh7 36. Qe7+ Kg8 37. Rxd8 1-0

[Event "Guernsey International Chess Festival 2"]
[Site "?"]
[Date "2019.10.21"]
[Round "2.29"]
[White "Harnden, Terry"]
[Black "Collins, Alan"]
[Result "1/2-1/2"]
[WhiteElo "1499"]
[BlackElo "1615"]
[PlyCount "41"]
[EventDate "2019.??.??"]

1. e4 d6 2. d4 Nf6 3. Nc3 c6 4. f3 Nbd7 5. Bc4 e5 6. dxe5 dxe5 7. a3 Be7 8. Be3
O-O 9. Qd2 Qc7 10. O-O-O b5 11. Ba2 a5 12. Nb1 Rd8 13. Qf2 Ba6 14. Ne2 b4 15.
a4 c5 16. c4 Nf8 17. Rxd8 Rxd8 18. Nd2 Ne6 19. b3 Bc8 20. Bb1 g6 21. Rd1
1/2-1/2

[Event "Guernsey International Chess Festival 2"]
[Site "?"]
[Date "2019.10.21"]
[Round "2.30"]
[White "Gunn, Michael J"]
[Black "McGill, Brendan"]
[Result "0-1"]
[WhiteElo "1608"]
[BlackElo "1195"]
[PlyCount "104"]
[EventDate "2019.??.??"]

1. e4 e6 2. d3 d5 3. Nd2 c5 4. Ngf3 Nc6 5. g3 Bd6 6. Bg2 Nf6 7. O-O O-O 8. Re1
Qc7 9. Nf1 d4 10. Nh4 e5 11. h3 Be6 12. g4 Ne7 13. Ng3 c4 14. Nhf5 Rac8 15.
Nxd6 Qxd6 16. Bg5 Ne8 17. Bxe7 Qxe7 18. dxc4 Rxc4 19. b3 Rc8 20. Qd2 Rd8 21. a4
Nc7 22. Qa5 f6 23. Qxa7 Na6 24. Qb6 Nb4 25. Rec1 Rc8 26. Nf5 Bxf5 27. exf5 Rc3
28. Kh2 Nxc2 29. Ra2 Nb4 30. Rxc3 dxc3 31. Ra1 e4 32. Qe6+ Qxe6 33. fxe6 Re8
34. Bf1 Nd3 35. Rd1 c2 36. Ra1 c1=Q 37. Rxc1 Nxc1 38. Bc4 Nd3 39. f3 Nf4 40.
Kg3 Nxe6 41. f4 Kf8 42. f5 Nc5 43. Kf2 h6 44. Ke3 Re5 45. h4 Ke7 46. Bg8 Kd6
47. Bc4 Kc7 48. a5 Na6 49. g5 hxg5 50. hxg5 Kc6 51. gxf6 gxf6 52. Be6 Kb5 0-1

[Event "Guernsey International Chess Festival 2"]
[Site "?"]
[Date "2019.10.21"]
[Round "2.31"]
[White "Le Maitre, Richard"]
[Black "Bakkes, Frits"]
[Result "0-1"]
[WhiteElo "1351"]
[BlackElo "1605"]
[PlyCount "90"]
[EventDate "2019.??.??"]

1. d4 d5 2. c4 e6 3. a3 Nf6 4. Nc3 dxc4 5. e4 c5 6. dxc5 Qxd1+ 7. Nxd1 Bxc5 8.
Be3 Bxe3 9. Nxe3 Nxe4 10. Bxc4 O-O 11. Rd1 b6 12. Nf3 Ba6 13. Bxa6 Nxa6 14. O-O
Rfd8 15. Ne5 Kf8 16. Nc6 Rdc8 17. Ne5 Ke7 18. Rd7+ Ke8 19. Rfd1 Rc7 20. Rxc7
Nxc7 21. Nc6 Nf6 22. Nc4 Ncd5 23. Rc1 Kf8 24. N6e5 Rc8 25. Rd1 Ke7 26. g3 Nd7
27. Rd2 Nxe5 28. Nxe5 f6 29. Nf3 g5 30. Nd4 Kf7 31. Nb5 Ra8 32. Re2 a6 33. Nd4
Re8 34. Rc2 Re7 35. Rc6 Rc7 36. Rxc7+ Nxc7 37. Kf1 h5 38. Ke2 Kg6 39. Kf3 e5
40. Ne2 f5 41. Nc3 Kf6 42. Na4 Nd5 43. Kg2 e4 44. b4 Ke5 45. Nb2 Kd4 0-1

[Event "Guernsey International Chess Festival 2"]
[Site "?"]
[Date "2019.10.22"]
[Round "3.10"]
[White "Stanners, Michael J"]
[Black "Strade, Arita"]
[Result "0-1"]
[WhiteElo "1752"]
[BlackElo "1882"]
[PlyCount "108"]
[EventDate "2019.??.??"]

1. b3 d5 2. Bb2 Bf5 3. e3 e6 4. Nf3 h6 5. Be2 Nf6 6. O-O Bd6 7. d3 O-O 8. Nbd2
Nbd7 9. d4 Ne4 10. Nxe4 dxe4 11. Ne5 Nf6 12. c4 c6 13. h3 Qe7 14. a3 Rad8 15.
Ng4 Nd7 16. Nh2 Qg5 17. Bg4 Bh7 18. Be2 Bc7 19. Qc1 e5 20. d5 cxd5 21. cxd5 Bb6
22. Qd2 f5 23. Bc4 Kh8 24. b4 f4 25. Rae1 f3 26. g4 Bg8 27. Rc1 h5 28. Kh1 Qh4
29. Rg1 Qxh3 30. Rg3 Qh4 31. Rcg1 hxg4 32. Rxg4 Qh6 33. R1g3 Rf5 34. Rg6 Qh4
35. R3g4 Qh5 36. Qe1 Nf6 37. Rg3 Ne8 38. Bf1 Bh7 39. R6g4 Rd6 40. Rh3 Qf7 41.
Bc4 Rh5 42. Qf1 Bd8 43. a4 Nf6 44. Rgg3 Qd7 45. Rxh5 Nxh5 46. Rh3 Rh6 47. Bxe5
Bf5 48. Rg3 Nxg3+ 49. Bxg3 Bc7 50. Qg1 Bh3 51. Qe1 Bg2+ 52. Kg1 Bxg3 53. fxg3
Qh3 54. Qd2 Qxh2+ 0-1

[Event "Guernsey International Chess Festival 2"]
[Site "?"]
[Date "2019.10.22"]
[Round "3.12"]
[White "Remie, Peter"]
[Black "Dennis, Nigel W"]
[Result "0-1"]
[WhiteElo "1688"]
[BlackElo "1768"]
[PlyCount "64"]
[EventDate "2019.??.??"]

1. e4 c5 2. Nf3 e6 3. d4 cxd4 4. Nxd4 Nf6 5. Bd3 Nc6 6. Nxc6 bxc6 7. O-O d5 8.
exd5 cxd5 9. b3 Bd6 10. Bb2 Qc7 11. Bb5+ Bd7 12. Bxd7+ Nxd7 13. h3 Bh2+ 14. Kh1
Be5 15. Bxe5 Nxe5 16. Qe2 O-O 17. Re1 Ng6 18. c4 dxc4 19. Qxc4 Qxc4 20. bxc4
Rac8 21. Na3 Rc5 22. Rab1 Rd8 23. Red1 Rxd1+ 24. Rxd1 Kf8 25. Rb1 a6 26. Rb6
Ra5 27. Rb3 Ke7 28. Kg1 Kd6 29. Kf1 Kc5 30. Ke2 Ne5 31. f4 Nxc4 32. Rc3 Rxa3
0-1

[Event "Guernsey International Chess Festival 2"]
[Site "?"]
[Date "2019.10.22"]
[Round "3.13"]
[White "Coenen, Albert"]
[Black "Hall, Alan"]
[Result "1-0"]
[WhiteElo "1899"]
[BlackElo "1684"]
[PlyCount "85"]
[EventDate "2019.??.??"]

1. c4 Nf6 2. Nc3 e5 3. g3 d5 4. cxd5 Nxd5 5. Bg2 Nb6 6. Nf3 Nc6 7. O-O Be7 8.
d3 O-O 9. b3 Be6 10. Bb2 Qd7 11. Re1 Rfd8 12. Ne4 f6 13. Rc1 a5 14. Nfd2 a4 15.
Nc5 Bxc5 16. Rxc5 Bd5 17. Bxd5+ Nxd5 18. bxa4 Nb6 19. Rb5 Nxa4 20. Rxb7 Nb6 21.
Qc2 Rxa2 22. Qb3+ Qd5 23. Qxd5+ Rxd5 24. Rxc7 Rc5 25. Rc1 Rxc1+ 26. Bxc1 Nd4
27. Kf1 Nd5 28. Rc5 Ra1 29. e3 Ne6 30. Rxd5 Rxc1+ 31. Ke2 Ra1 32. Ne4 Kf7 33.
h4 h6 34. Rd7+ Kf8 35. g4 Ra8 36. h5 Ra1 37. d4 Ra4 38. Nc5 Ra2+ 39. Kd3 Nxc5+
40. dxc5 Ra1 41. Ke4 Rc1 42. Kd5 Ke8 43. Rxg7 1-0

[Event "Guernsey International Chess Festival 2"]
[Site "?"]
[Date "2019.10.22"]
[Round "3.14"]
[White "Colsen, Manuel"]
[Black "Ingham, H William"]
[Result "0-1"]
[WhiteElo "1583"]
[BlackElo "1807"]
[PlyCount "124"]
[EventDate "2019.??.??"]

1. Nf3 Nf6 2. d4 d6 3. c4 Nbd7 4. Bf4 c6 5. e3 Qc7 6. Be2 e5 7. dxe5 dxe5 8.
Bg5 h6 9. Bxf6 Nxf6 10. O-O Bf5 11. Qa4 Bd6 12. g3 O-O 13. Nc3 a5 14. a3 Nd7
15. Qd1 Nc5 16. b4 axb4 17. axb4 Na6 18. c5 Be7 19. Bxa6 bxa6 20. Na4 Bg4 21.
e4 Rad8 22. Qb3 Bxf3 23. Qxf3 Rd4 24. Rfb1 a5 25. bxa5 Qxa5 26. Qc3 Qxc3 27.
Nxc3 Bxc5 28. Rd1 Rc4 29. Na4 Bd4 30. Ra2 Ra8 31. Nb2 Rxa2 32. Nxc4 Bxf2+ 33.
Kh1 Bd4 34. Nd6 Ra1 35. Rxa1 Bxa1 36. Kg2 Kf8 37. Kf3 g6 38. h3 Bd4 39. Ke2 Ke7
40. Nc4 Ke6 41. g4 f5 42. Kf3 fxg4+ 43. Kxg4 Kd7 44. Kf3 c5 45. Ke2 g5 46. Kf3
h5 47. Nb6+ Kc6 48. Nd5 c4 49. Ke2 c3 50. Kd3 g4 51. Ne7+ Kb5 52. hxg4 hxg4 53.
Nf5 Kc5 54. Nh4 Kd6 55. Ng2 Ke6 56. Ne1 Kf6 57. Ke2 Kg5 58. Ng2 g3 59. Ne1 Kg4
60. Nc2 g2 61. Ne3+ Bxe3 62. Kxe3 g1=Q+ 0-1

[Event "Guernsey International Chess Festival 2"]
[Site "?"]
[Date "2019.10.22"]
[Round "3.15"]
[White "Hamann, Marcus"]
[Black "Haisma, Henk"]
[Result "1-0"]
[WhiteElo "1802"]
[BlackElo "1725"]
[PlyCount "79"]
[EventDate "2019.??.??"]

1. e4 c5 2. Nf3 d6 3. d4 cxd4 4. Nxd4 Nf6 5. Nc3 a6 6. Bc4 e6 7. O-O Be7 8. a4
O-O 9. Be3 Nc6 10. Qe2 Qc7 11. h3 Bd7 12. f4 Rac8 13. Bd3 Nb4 14. Rac1 e5 15.
fxe5 dxe5 16. Nf5 Bxf5 17. Rxf5 Nxd3 18. cxd3 Bc5 19. Kh2 Bxe3 20. Qxe3 Qd6 21.
Rcf1 Nd7 22. Nd5 f6 23. Qg3 Rc6 24. R5f3 Kh8 25. h4 Nb6 26. Ne3 Nxa4 27. Nc4
Rxc4 28. dxc4 Nc5 29. Qf2 Qc6 30. b4 Ne6 31. Qe3 Qxc4 32. Qb3 Qc6 33. Rc3 Qd7
34. Qd5 Qf7 35. Rfc1 h6 36. Rc8 Rxc8 37. Rxc8+ Kh7 38. Rb8 Qh5 39. Qxe6 Qxh4+
40. Qh3 1-0

[Event "Guernsey International Chess Festival 2"]
[Site "?"]
[Date "2019.10.22"]
[Round "3.16"]
[White "Kirk, Matthew"]
[Black "Baart, Edwin"]
[Result "1-0"]
[WhiteElo "1722"]
[BlackElo "1746"]
[PlyCount "87"]
[EventDate "2019.??.??"]

1. d4 Nf6 2. c4 e6 3. Nf3 d5 4. cxd5 exd5 5. Bg5 Be7 6. e3 O-O 7. Bd3 Nbd7 8.
O-O c6 9. Nbd2 Qb6 10. Qc2 h6 11. Bxf6 Nxf6 12. Rac1 Bg4 13. Ne5 Bd6 14. Nxg4
Nxg4 15. Nf3 Rae8 16. h3 Nf6 17. Nh4 Qd8 18. Nf5 Ne4 19. Bxe4 Rxe4 20. Nxd6
Qxd6 21. Qc5 Qxc5 22. Rxc5 f5 23. g3 g5 24. Rc3 Rfe8 25. Kg2 Kg7 26. Ra3 a6 27.
Rb3 R8e7 28. Kf3 Kf6 29. Rh1 Kg6 30. Rc1 Rf7 31. Ke2 Rfe7 32. Kd2 f4 33. gxf4
gxf4 34. Rg1+ Kf6 35. Rg4 fxe3+ 36. Rxe3 Rxg4 37. hxg4 Re4 38. Rxe4 dxe4 39.
Ke3 Kg5 40. Kxe4 Kxg4 41. f4 h5 42. f5 Kg5 43. Ke5 h4 44. f6 1-0

[Event "Guernsey International Chess Festival 2"]
[Site "?"]
[Date "2019.10.22"]
[Round "3.17"]
[White "Van Hoek, Wim"]
[Black "Denning, Julie L"]
[Result "1/2-1/2"]
[WhiteElo "1863"]
[BlackElo "1625"]
[PlyCount "64"]
[EventDate "2019.??.??"]

1. e4 c5 2. Nf3 d6 3. c3 Nf6 4. Be2 Nc6 5. d4 e6 6. d5 exd5 7. exd5 Ne7 8. c4
Ng6 9. Nc3 Be7 10. O-O O-O 11. Bd3 Bd7 12. Re1 Ng4 13. a4 N4e5 14. Nxe5 Nxe5
15. Bf1 a6 16. a5 Re8 17. f4 Ng4 18. Qf3 Bf6 19. Rxe8+ Qxe8 20. Ne2 Nh6 21. h3
Nf5 22. Ra3 Nd4 23. Nxd4 Bxd4+ 24. Be3 Bf6 25. Rb3 Rb8 26. Bd3 Bd8 27. Bd2 Ba4
28. Ra3 Bd7 29. Rb3 Ba4 30. Ra3 Bd7 31. Qe4 Qxe4 32. Bxe4 Bf6 1/2-1/2

[Event "Guernsey International Chess Festival 2"]
[Site "?"]
[Date "2019.10.22"]
[Round "3.18"]
[White "Bakkes, Frits"]
[Black "Nevska, Gerda"]
[Result "0-1"]
[WhiteElo "1605"]
[BlackElo "1858"]
[PlyCount "80"]
[EventDate "2019.??.??"]

1. e4 e6 2. Nf3 b6 3. a3 Bb7 4. Nc3 Nf6 5. e5 Nd5 6. Nxd5 Bxd5 7. c4 Bb7 8. d4
h6 9. d5 exd5 10. cxd5 f6 11. Nh4 Bb4+ 12. axb4 Qe7 13. Ng6 Qxb4+ 14. Bd2 Qe4+
15. Qe2 Qxg6 16. exf6+ Kf7 17. Qe7+ Kg8 18. Qxg7+ Qxg7 19. fxg7 Rh7 20. Bc3
Bxd5 21. Bd3 Rxg7 22. Bxg7 Kxg7 23. O-O Nc6 24. Bb5 Kf6 25. Rfd1 Be6 26. Bxc6
dxc6 27. Ra6 Bc4 28. Ra3 Bd5 29. Rda1 a5 30. b4 Rg8 31. g3 axb4 32. Ra7 Rg7 33.
Re1 b3 34. Raa1 c5 35. Red1 c6 36. Rab1 c4 37. Kf1 Re7 38. Rb2 b5 39. Rbd2 c3
40. Rxd5 cxd5 0-1

[Event "Guernsey International Chess Festival 2"]
[Site "?"]
[Date "2019.10.22"]
[Round "3.19"]
[White "Hermes, Geoff R"]
[Black "Kirkwood, Robin"]
[Result "1-0"]
[WhiteElo "1833"]
[BlackElo "1628"]
[PlyCount "57"]
[EventDate "2019.??.??"]

1. d4 b6 2. e4 Bb7 3. Nc3 g6 4. Nf3 Bg7 5. Be3 d6 6. Bb5+ Nd7 7. O-O a6 8. Ba4
b5 9. Bb3 e6 10. Ng5 Qe7 11. d5 e5 12. f4 h6 13. Nxf7 Qxf7 14. fxe5 Qe7 15. e6
Ne5 16. Bd4 h5 17. Rf7 Nxf7 18. Bxg7 Rh7 19. exf7+ Qxf7 20. Bd4 O-O-O 21. Qe2
Qd7 22. a4 b4 23. Na2 a5 24. c3 c5 25. dxc6 Bxc6 26. cxb4 Bxa4 27. Qa6+ Kb8 28.
Qb6+ Qb7 29. Qxd8+ 1-0